[Event "Quebec op"]
[Site "Montreal CAN"]
[Date "2000.07.28"]
[Round "8"]
[White "Bachand-Fleurent, Julien"]
[Black "Abreu Cordero, Jose"]
[Result "0-1"]
[WhiteElo "1962"]
[BlackElo "2137"]
[PlyCount "77"]
[GameId "2160767911653229"]
[EventDate "2000.07.22"]
[EventType "swiss"]
[EventRounds "9"]
[EventCountry "CAN"]

1. e4 c5 2. Nc3 Nc6 3. g3 g6 4. Bg2 Bg7 5. d3 d6 6. Be3 Bd7 7. Qd2 a6 8. a4 Rb8 9. Nf3 Nf6 10. Bh6 Kf8 11. O-O e6 12. Rfe1 e5 13. Nd5 Ng4 14. Bxg7+ Kxg7 15. Nh4 Nf6 16. f4 Re8 17. Rf1 Nxd5 18. exd5 Nd4 19. fxe5 Rxe5 20. Qf2 Qe7 21. Rfe1 Re8 22. Rxe5 Qxe5 23. c3 Nf5 24. Nxf5+ Bxf5 25. d4 cxd4 26. cxd4 Qe3 27. Qxe3 Rxe3 28. b4 b5 29. Kf2 Rc3 30. axb5 Rc2+ 31. Kg1 axb5 32. Ra6 Rc4 33. Rxd6 Rxd4 34. Rb6 Bd7 35. d6 Rxb4 36. Rb7 Be6 37. Rb6 Kf6 38. Rb7 Ke5 39. d7 0-1

[Event "Quebec op"]
[Site "Montreal CAN"]
[Date "2000.07.28"]
[Round "8"]
[White "Desjardins, Andre"]
[Black "Soudre, Nicolas"]
[Result "1/2-1/2"]
[WhiteElo "2194"]
[BlackElo "2094"]
[PlyCount "67"]
[GameId "2160767911653231"]
[EventDate "2000.07.22"]
[EventType "swiss"]
[EventRounds "9"]
[EventCountry "CAN"]

1. e4 e6 2. d3 d5 3. Nd2 Nf6 4. Ngf3 Nc6 5. g3 dxe4 6. dxe4 Bc5 7. Bg2 e5 8. O-O O-O 9. c3 Qe7 10. b4 Bd6 11. Qe2 a5 12. b5 Na7 13. a4 Nd7 14. Nc4 b6 15. Nxd6 cxd6 16. Be3 Nc5 17. Nd2 Be6 18. f4 f6 19. f5 Bf7 20. g4 Rfd8 21. c4 Kf8 22. h4 Ke8 23. Rfd1 Kd7 24. Nb1 Kc7 25. Nc3 Kb7 26. Bf3 Rac8 27. Nd5 Bxd5 28. Rxd5 Rc7 29. Qd1 Rcd7 30. Ra2 Nc8 31. Rad2 Kc7 32. Kg2 Qe8 33. Kf2 Ne7 34. R5d3 1/2-1/2

[Event "Quebec op"]
[Site "Montreal CAN"]
[Date "2000.07.28"]
[Round "8"]
[White "Dvoretskij, Alexey"]
[Black "Sasseville, Jean"]
[Result "0-1"]
[WhiteElo "2098"]
[BlackElo "1950"]
[PlyCount "56"]
[GameId "2160767911653232"]
[EventDate "2000.07.22"]
[EventType "swiss"]
[EventRounds "9"]
[EventCountry "CAN"]

1. e4 c5 2. Nc3 Nc6 3. f4 g6 4. Nf3 Bg7 5. Bc4 e6 6. f5 Nge7 7. fxe6 fxe6 8. d3 d5 9. Bb3 b5 10. a4 b4 11. Ne2 dxe4 12. Ng5 O-O 13. dxe4 Qxd1+ 14. Kxd1 Nd8 15. Nf4 Bxb2 16. Nfxe6 Bxa1 17. Nxd8+ Kh8 18. Ngf7+ Kg8 19. Bh6 Bg7 20. Ng5+ Kh8 21. Bxg7+ Kxg7 22. Nde6+ Bxe6 23. Nxe6+ Kh6 24. Nxf8 Rxf8 25. Ke2 Nc6 26. Rf1 Nd4+ 27. Ke1 Rxf1+ 28. Kxf1 Kg5 0-1

[Event "Quebec op"]
[Site "Montreal CAN"]
[Date "2000.07.28"]
[Round "8"]
[White "Evelev, Vladimir"]
[Black "Belanger, Jacques"]
[Result "1-0"]
[WhiteElo "2452"]
[BlackElo "2113"]
[PlyCount "81"]
[GameId "2160767911653233"]
[EventDate "2000.07.22"]
[EventType "swiss"]
[EventRounds "9"]
[EventCountry "CAN"]

1. d4 Nf6 2. c4 g6 3. Nc3 Bg7 4. e4 d6 5. Nf3 O-O 6. Be2 e5 7. O-O Nc6 8. d5 Ne7 9. b4 Nh5 10. Re1 f5 11. Ng5 Nf6 12. Bf3 c6 13. Be3 fxe4 14. Ncxe4 Nxe4 15. Bxe4 h6 16. Ne6 Bxe6 17. dxe6 d5 18. cxd5 cxd5 19. Bc2 d4 20. Bd2 Qd6 21. Bb3 Kh7 22. Rc1 Rac8 23. Qg4 b5 24. Qe4 Rc6 25. h4 Rfc8 26. h5 Rxc1 27. hxg6+ Nxg6 28. Rxc1 Rxc1+ 29. Bxc1 d3 30. Bd2 a6 31. Qd5 Qxd5 32. Bxd5 Bf8 33. Bb7 Nf4 34. Bxa6 Nd5 35. Bxb5 Nxb4 36. Bxb4 Bxb4 37. Bxd3+ Kg7 38. f3 Bc5+ 39. Kf1 Kf6 40. Bc4 Ba3 41. Ke2 1-0

[Event "Quebec op"]
[Site "Montreal CAN"]
[Date "2000.07.28"]
[Round "8"]
[White "Fillion, Steve"]
[Black "St Amand, Paul Jr"]
[Result "1/2-1/2"]
[WhiteElo "2131"]
[BlackElo "2153"]
[PlyCount "79"]
[GameId "2160767911653234"]
[EventDate "2000.07.22"]
[EventType "swiss"]
[EventRounds "9"]
[EventCountry "CAN"]

1. d4 Nf6 2. Nf3 c5 3. c4 e6 4. Nc3 cxd4 5. Nxd4 Nc6 6. e3 Be7 7. Be2 O-O 8. O-O a6 9. b3 b6 10. Bb2 Bb7 11. Bf3 Rc8 12. Qd2 Qc7 13. Rac1 Qb8 14. Nxc6 Bxc6 15. Bxc6 dxc6 16. f4 Rfd8 17. Qe2 Rd7 18. Rcd1 Rcd8 19. Rxd7 Rxd7 20. Rd1 Qd8 21. Rxd7 Qxd7 22. Kf1 h6 23. Qd1 Qxd1+ 24. Nxd1 Ne4 25. Ke2 g6 26. Nc3 Nxc3+ 27. Bxc3 f5 28. Be5 Kf7 29. Kd3 Ke8 30. Bc7 Bc5 31. Be5 Be7 32. Bd4 b5 33. cxb5 cxb5 34. Ba7 Kd7 35. Kd4 Bd6 36. Bc5 Bc7 37. g3 Kc6 38. b4 Bb8 39. e4 Bc7 40. Kd3 1/2-1/2

[Event "Quebec op"]
[Site "Montreal CAN"]
[Date "2000.07.28"]
[Round "8"]
[White "Gagnon, Michel"]
[Black "Strassmann, Swantje"]
[Result "1-0"]
[WhiteElo "2193"]
[BlackElo "2070"]
[PlyCount "69"]
[GameId "2160767911653235"]
[EventDate "2000.07.22"]
[EventType "swiss"]
[EventRounds "9"]
[EventCountry "CAN"]

1. d4 d5 2. Nf3 Nf6 3. e3 c6 4. Nbd2 Bf5 5. Bd3 e6 6. O-O Be7 7. b3 O-O 8. Bb2 Nbd7 9. Ne5 Rc8 10. Qe2 Bxd3 11. Nxd3 c5 12. c4 b6 13. Rad1 Qc7 14. f4 g6 15. g3 Rfd8 16. Qf3 Qb7 17. Ne5 Ne4 18. g4 Ndf6 19. Nxe4 Nxe4 20. f5 exf5 21. gxf5 Ng5 22. Qg2 f6 23. Nd3 Qc6 24. Nf4 dxc4 25. d5 Qd6 26. h4 cxb3 27. axb3 gxf5 28. hxg5 fxg5 29. Ne6 Rd7 30. Rxf5 Qxe6 31. dxe6 Rxd1+ 32. Rf1 Rcd8 33. Qe4 Rxf1+ 34. Kxf1 Rf8+ 35. Kg2 1-0

[Event "Quebec op"]
[Site "Montreal CAN"]
[Date "2000.07.28"]
[Round "8"]
[White "Grigoriants, Sergey"]
[Black "Sakr, Nassim"]
[Result "1-0"]
[WhiteElo "2503"]
[BlackElo "2193"]
[PlyCount "62"]
[GameId "2160767911653238"]
[EventDate "2000.07.22"]
[EventType "swiss"]
[EventRounds "9"]
[EventCountry "CAN"]

1. c4 Nf6 2. Nf3 g6 3. Nc3 Bg7 4. d4 O-O 5. g3 d6 6. Bg2 c6 7. O-O Qa5 8. h3 Be6 9. Qd3 Qa6 10. b3 d5 11. Nd2 Nbd7 12. Bb2 Rfd8 13. Rfd1 Rac8 14. e4 Nb6 15. Bf1 Qa5 16. Qe3 c5 17. Nxd5 Bxd5 18. exd5 cxd4 19. Qxe7 Nbd7 20. Qa3 Qxa3 21. Bxa3 Nc5 22. Bb2 d3 23. Nf3 b5 24. Bd4 bxc4 25. bxc4 Nfe4 26. Bxg7 Kxg7 27. Rac1 Nd6 28. Re1 Re8 29. Nd2 Na4 30. Nb3 Nb2 31. Rxe8 Rxe8 1-0

[Event "Quebec op"]
[Site "Montreal CAN"]
[Date "2000.07.28"]
[Round "8"]
[White "Gruzmann, Boris"]
[Black "Rozentalis, Eduardas"]
[Result "0-1"]
[WhiteElo "2302"]
[BlackElo "2553"]
[PlyCount "100"]
[GameId "2160767911653239"]
[EventDate "2000.07.22"]
[EventType "swiss"]
[EventRounds "9"]
[EventCountry "CAN"]

1. e4 e5 2. Nf3 Nf6 3. Nc3 Bb4 4. Bc4 d6 5. a3 Bxc3 6. dxc3 Bg4 7. O-O Nbd7 8. Re1 Nc5 9. b4 Ne6 10. Qd3 O-O 11. Nh4 Nh5 12. g3 Qf6 13. Nf5 Ng5 14. Bxg5 Qxg5 15. Qe3 Qf6 16. Be2 Bxf5 17. Bxh5 Be6 18. Red1 b6 19. Be2 Qg6 20. c4 f5 21. exf5 Bxf5 22. c3 Rf6 23. c5 Raf8 24. cxd6 cxd6 25. Rd2 Kh8 26. a4 Be4 27. Rf1 Ba8 28. f3 Qf7 29. c4 Qc7 30. Rdd1 h6 31. Rc1 Bc6 32. Ra1 a5 33. b5 Be8 34. Rf2 Bh5 35. Rc1 g5 36. Rcf1 Kg7 37. Bd3 Bf7 38. Rc2 Be6 39. Kg2 Qf7 40. Rff2 Qh5 41. Be4 g4 42. Qxb6 gxf3+ 43. Kg1 Qg4 44. Qe3 Rf4 45. Bd3 e4 46. Bf1 h5 47. Kh1 R4f6 48. Rc3 h4 49. gxh4 Rg6 50. Rd2 f2 0-1

[Event "Quebec op"]
[Site "Montreal CAN"]
[Date "2000.07.28"]
[Round "8"]
[White "Ibrahim, Anthony"]
[Black "Kulagin, Maxim"]
[Result "1-0"]
[WhiteElo "2202"]
[BlackElo "1895"]
[PlyCount "64"]
[GameId "2160767911653240"]
[EventDate "2000.07.22"]
[EventType "swiss"]
[EventRounds "9"]
[EventCountry "CAN"]

1. e4 e6 2. d4 d5 3. Nc3 Nf6 4. e5 Nfd7 5. Nce2 c5 6. c3 Nc6 7. f4 Qb6 8. Nf3 cxd4 9. Nexd4 Bc5 10. Be2 O-O 11. O-O f6 12. Kh1 Re8 13. exf6 Nxf6 14. Nxc6 bxc6 15. Ne5 Ne4 16. Bd3 Ba6 17. c4 Rad8 18. Qe2 Nf6 19. b4 Bd4 20. c5 Qc7 21. Rb1 Bxd3 22. Qxd3 Bxe5 23. fxe5 Qxe5 24. Bb2 Qe4 25. Qg3 Nh5 26. Qc7 Rc8 27. Qf7+ Kh8 28. Qxh5 Rf8 29. Qg5 d4 30. Rbe1 Qd3 31. Rd1 Qe4 32. Bxd4 Rf7 1-0

[Event "Quebec op"]
[Site "Montreal CAN"]
[Date "2000.07.28"]
[Round "8"]
[White "Kalinichev, Andrey"]
[Black "Prahov, Valentin"]
[Result "1/2-1/2"]
[WhiteElo "2043"]
[BlackElo "2170"]
[PlyCount "105"]
[GameId "2160767911653241"]
[EventDate "2000.07.22"]
[EventType "swiss"]
[EventRounds "9"]
[EventCountry "CAN"]

1. d4 Nf6 2. Bg5 d5 3. e3 g6 4. Bxf6 exf6 5. g3 Bg7 6. Bg2 c6 7. Ne2 Bf5 8. O-O Qd7 9. Nf4 Na6 10. Nd2 h5 11. c4 dxc4 12. Nxc4 Kf8 13. e4 Bg4 14. f3 Be6 15. Nxe6+ fxe6 16. Qd3 Rd8 17. Rad1 h4 18. f4 f5 19. e5 Kg8 20. Qb3 Bf8 21. Na5 Rb8 22. a3 Be7 23. Qc4 Nc7 24. Rd3 Nd5 25. b4 Kf7 26. Nb3 Rbg8 27. Nc5 Qc8 28. b5 hxg3 29. hxg3 g5 30. fxg5 Bxg5 31. Ne4 Be7 32. bxc6 Qxc6 33. Qxc6 bxc6 34. Nc3 Rg4 35. Ne2 Rb8 36. Bf3 Rgg8 37. Bh5+ Kg7 38. Rc1 Rgc8 39. Nf4 Nxf4 40. gxf4 c5 41. Rdc3 Rb5 42. Rg3+ Kf8 43. Kh2 Rb2+ 44. Kh3 c4 45. Rgc3 Ra2 46. Rxc4 Rxa3+ 47. Kg2 Rd8 48. Rc8 Rd3 49. Rxd8+ Bxd8 50. Rd1 Rxd1 51. Bxd1 Bb6 52. Bb3 Ke7 53. d5 1/2-1/2

[Event "Quebec op"]
[Site "Montreal CAN"]
[Date "2000.07.28"]
[Round "8"]
[White "Kogan, Artur"]
[Black "Lazarev, Vladimir"]
[Result "1/2-1/2"]
[WhiteElo "2483"]
[BlackElo "2518"]
[PlyCount "53"]
[GameId "2160767911653242"]
[EventDate "2000.07.22"]
[EventType "swiss"]
[EventRounds "9"]
[EventCountry "CAN"]

1. d4 d5 2. Nf3 Nf6 3. c4 dxc4 4. Nc3 a6 5. e4 b5 6. e5 Nd5 7. a4 Nxc3 8. bxc3 Qd5 9. g3 Bb7 10. Bg2 Qd7 11. Ba3 g6 12. O-O Bg7 13. Re1 O-O 14. Bc5 Bd5 15. Ng5 Bxg2 16. Kxg2 Nc6 17. Qf3 b4 18. Qe4 bxc3 19. e6 fxe6 20. Nxe6 Rf5 21. Rac1 Rb8 22. Rxc3 Be5 23. g4 Rf7 24. dxe5 Qxe6 25. Qxc4 Qxc4 26. Rxc4 Na5 27. Rb4 1/2-1/2

[Event "Quebec op"]
[Site "Montreal CAN"]
[Date "2000.07.28"]
[Round "8"]
[White "Kurenkov, Nikolai"]
[Black "Miladinovic, Igor"]
[Result "0-1"]
[WhiteElo "2329"]
[BlackElo "2538"]
[PlyCount "62"]
[GameId "2160767911653243"]
[EventDate "2000.07.22"]
[EventType "swiss"]
[EventRounds "9"]
[EventCountry "CAN"]

1. e4 c5 2. Nf3 Nc6 3. d4 cxd4 4. Nxd4 Qc7 5. Nc3 e6 6. Be2 a6 7. O-O Nf6 8. Be3 Bb4 9. Na4 Be7 10. c4 Nxe4 11. c5 O-O 12. Rc1 Kh8 13. f4 f5 14. Bf3 Rb8 15. Bxe4 fxe4 16. Qc2 Bf6 17. Qxe4 Nxd4 18. Bxd4 Qc6 19. Qd3 Qxa4 20. Bxf6 Rxf6 21. Qd6 Ra8 22. f5 e5 23. Qxe5 d6 24. cxd6 Bd7 25. Rc7 Raf8 26. b3 Qb5 27. Qe7 R6f7 28. a4 Qb6+ 29. Kh1 Rxe7 30. dxe7 Re8 31. Rxd7 Kg8 0-1

[Event "Quebec op"]
[Site "Montreal CAN"]
[Date "2000.07.28"]
[Round "8"]
[White "Lasitsin, Ilja"]
[Black "Poulin, Maurice"]
[Result "1/2-1/2"]
[WhiteElo "1952"]
[BlackElo "2108"]
[PlyCount "121"]
[GameId "2160767911653244"]
[EventDate "2000.07.22"]
[EventType "swiss"]
[EventRounds "9"]
[EventCountry "CAN"]

1. c4 g6 2. Nc3 Bg7 3. g3 Nc6 4. Bg2 d6 5. e4 Nd4 6. d3 h5 7. h3 c6 8. Nge2 e5 9. Be3 Ne7 10. Qd2 Qa5 11. Rb1 Qc7 12. f4 Be6 13. O-O Qd7 14. Kh2 f5 15. h4 O-O 16. b4 Rf7 17. b5 c5 18. Rf2 Raf8 19. Rbf1 Kh8 20. a4 Ng8 21. Nd5 Bxd5 22. exd5 Nf6 23. Bh3 e4 24. Ng1 exd3 25. Qxd3 Ne4 26. Ra2 Qd8 27. Nf3 Nxf3+ 28. Rxf3 Re8 29. Bg2 Rfe7 30. a5 Nf6 31. Kh1 Ng4 32. Bg1 Re1 33. Rf1 Bf6 34. a6 b6 35. Rxe1 Rxe1 36. Re2 Rxe2 37. Qxe2 Bxh4 38. Bf2 Bf6 39. Bf3 Kh7 40. Be1 Qd7 41. Kg2 Bd4 42. Bd2 Kg7 43. Qe1 Kf7 44. Bxg4 hxg4 45. Bc3 Bxc3 46. Qxc3 Qe8 47. Kf2 Qe4 48. Kg1 Qd4+ 49. Qxd4 cxd4 50. Kf2 Kf6 51. Ke2 g5 52. fxg5+ Kxg5 53. Kd3 Kg6 54. Kxd4 Kf6 55. Kd3 Ke5 56. Ke3 Kf6 57. Kd3 Kg5 58. Ke3 Kg6 59. Kd3 Kg7 60. Ke3 Kf7 61. Kd3 1/2-1/2

[Event "Quebec op"]
[Site "Montreal CAN"]
[Date "2000.07.28"]
[Round "8"]
[White "Luksza, Arkadiusz"]
[Black "Morin, Yves"]
[Result "1-0"]
[WhiteElo "2063"]
[BlackElo "2267"]
[PlyCount "111"]
[GameId "2160767911653245"]
[EventDate "2000.07.22"]
[EventType "swiss"]
[EventRounds "9"]
[EventCountry "CAN"]

1. d4 Nf6 2. c4 e6 3. Nc3 Bb4 4. Qc2 Nc6 5. Nf3 d5 6. a3 Bxc3+ 7. Qxc3 Ne4 8. Qc2 a5 9. b3 O-O 10. e3 Bd7 11. Bd3 f5 12. O-O Rf6 13. Rb1 Rh6 14. g3 Qe8 15. Be2 g5 16. b4 axb4 17. axb4 g4 18. Ne1 Ne7 19. h4 gxh3 20. Kh2 dxc4 21. f3 Ba4 22. Qxc4 b5 23. Qd3 Nf6 24. e4 Rg6 25. Bb2 Rd8 26. Rc1 Qd7 27. Rg1 h5 28. Qe3 fxe4 29. fxe4 Nc6 30. Nd3 Nxd4 31. Nf4 Nxe2 32. Bxf6 Rxf6 33. Qxe2 Qd2 34. Qxd2 Rxd2+ 35. Kxh3 Rd4 36. Rxc7 Kf8 37. Rc8+ Kf7 38. Rc7+ Ke8 39. Rc8+ Kf7 40. Rc7+ Ke8 41. Rgc1 Rxb4 42. Rc8+ Ke7 43. R1c7+ Kd6 44. Rc6+ Kd7 45. Nd3 Rd4 46. Nc5+ Ke7 47. R8c7+ Kd8 48. Nb7+ Ke8 49. Rh7 Rc4 50. Nd6+ Kd8 51. Nxc4 bxc4 52. Ra6 Bd7 53. Ra8+ Kc7 54. Ra7+ Kb6 55. Raxd7 c3 56. Rd3 1-0

[Event "Quebec op"]
[Site "Montreal CAN"]
[Date "2000.07.28"]
[Round "8"]
[White "Mikanovic, Goran"]
[Black "Loadman, Ian"]
[Result "1/2-1/2"]
[WhiteElo "2336"]
[BlackElo "2087"]
[PlyCount "54"]
[GameId "2160767911653246"]
[EventDate "2000.07.22"]
[EventType "swiss"]
[EventRounds "9"]
[EventCountry "CAN"]

1. d4 Nf6 2. c4 c5 3. d5 b5 4. Nf3 g6 5. cxb5 a6 6. b6 Bg7 7. Nc3 O-O 8. e4 d6 9. Be2 Nbd7 10. a4 a5 11. O-O Nxb6 12. h3 Ne8 13. Bf4 Nc7 14. Qd2 Ba6 15. Rfe1 Bxe2 16. Rxe2 e5 17. dxe6 Nxe6 18. Qxd6 Nc4 19. Qxd8 Rfxd8 20. Bg5 Rd3 21. Ne1 Rxc3 22. bxc3 Nxg5 23. e5 Ne6 24. Nf3 Rd8 25. Re4 Nb2 26. Re2 Nc4 27. Re4 Nb2 1/2-1/2

[Event "Quebec op"]
[Site "Montreal CAN"]
[Date "2000.07.28"]
[Round "8"]
[White "Raheb, David"]
[Black "Khaziyeva, Dinara"]
[Result "1-0"]
[WhiteElo "2098"]
[BlackElo "1888"]
[PlyCount "77"]
[GameId "2160767911653247"]
[EventDate "2000.07.22"]
[EventType "swiss"]
[EventRounds "9"]
[EventCountry "CAN"]

1. d4 Nf6 2. c4 Nc6 3. Nc3 e5 4. d5 Ne7 5. Bg5 Ng6 6. h4 h5 7. e3 Be7 8. Bd3 d6 9. Qc2 Nf8 10. f3 N8d7 11. Nge2 a5 12. Ng3 Nc5 13. Bf5 Nfd7 14. f4 Bf6 15. O-O Qe7 16. Nge4 Nxe4 17. Nxe4 exf4 18. exf4 Bxg5 19. Rae1 Bxh4 20. Nf2 Bxf2+ 21. Qxf2 Ne5 22. fxe5 dxe5 23. Rxe5 Qxe5 24. Re1 Qxe1+ 25. Qxe1+ Kf8 26. Bxc8 Rxc8 27. Qxa5 Rh6 28. Qb4+ Kg8 29. Qxb7 Re8 30. Qxc7 Re1+ 31. Kh2 Rd1 32. Qc8+ Kh7 33. Qf5+ Kg8 34. c5 Rg6 35. c6 Rc1 36. b4 h4 37. b5 h3 38. Qxh3 Rc5 39. b6 1-0

[Event "Quebec op"]
[Site "Montreal CAN"]
[Date "2000.07.28"]
[Round "8"]
[White "Razdolksky, Ilija"]
[Black "Roy, Guy"]
[Result "1-0"]
[WhiteElo "2143"]
[BlackElo "2089"]
[PlyCount "109"]
[GameId "2160767911653248"]
[EventDate "2000.07.22"]
[EventType "swiss"]
[EventRounds "9"]
[EventCountry "CAN"]

1. e4 d5 2. Nc3 d4 3. Nce2 e5 4. d3 Bg4 5. g3 Nd7 6. Bg2 Bd6 7. Nf3 Ne7 8. O-O Ng6 9. h3 Bxf3 10. Bxf3 Qe7 11. Bg2 O-O-O 12. f4 f6 13. f5 Ngf8 14. Bd2 g6 15. Qe1 gxf5 16. Rxf5 Ne6 17. h4 h5 18. Bh3 Rdg8 19. Kh2 Kb8 20. Qf2 Rf8 21. Rf1 c6 22. a3 Bc7 23. b4 Bd8 24. Nc1 Nb6 25. Nb3 Nd7 26. Qe2 Ng7 27. R5f3 b6 28. a4 a6 29. Be1 Rhg8 30. Nd2 Rf7 31. Nc4 Rgf8 32. Qf2 b5 33. Bxd7 bxc4 34. Bxc6 f5 35. Bd5 Rf6 36. Bd2 fxe4 37. Rxf6 Rxf6 38. Qxf6 Qxf6 39. Rxf6 Bxf6 40. Bxe4 c3 41. Bg5 Bxg5 42. hxg5 Kc7 43. Kh3 Kd7 44. g4 hxg4+ 45. Kxg4 Ke7 46. Bb7 Kd6 47. Bxa6 Ne6 48. g6 Ng7 49. Bc4 e4 50. dxe4 Ke5 51. a5 Ne8 52. Kg5 Nd6 53. g7 Nxe4+ 54. Kg6 Nf6 55. a6 1-0

[Event "Quebec op"]
[Site "Montreal CAN"]
[Date "2000.07.28"]
[Round "8"]
[White "Sarwer, Jeff"]
[Black "Pineault, Denis"]
[Result "1-0"]
[WhiteElo "2164"]
[BlackElo "2175"]
[PlyCount "62"]
[GameId "2160767911653250"]
[EventDate "2000.07.22"]
[EventType "swiss"]
[EventRounds "9"]
[EventCountry "CAN"]

1. d4 d5 2. c4 c6 3. Nf3 Nf6 4. e3 a6 5. Nc3 b5 6. cxd5 cxd5 7. h3 Bf5 8. Bd3 Bxd3 9. Qxd3 e6 10. O-O Nc6 11. e4 Be7 12. e5 Nd7 13. Ne2 Rc8 14. Bd2 Qb6 15. Rac1 O-O 16. Nf4 Na5 17. b3 Nc6 18. h4 Rfe8 19. g4 Nb4 20. Qb1 Qa5 21. Rxc8 Rxc8 22. Rc1 Qd8 23. g5 Rxc1+ 24. Qxc1 Nxa2 25. Qa1 Nb4 26. Bxb4 Bxb4 27. Qxa6 Qa5 28. Qb7 Qa1+ 29. Kg2 Qc1 30. Nd3 Qc3 31. Nxb4 Nf8 1-0

[Event "Quebec op"]
[Site "Montreal CAN"]
[Date "2000.07.28"]
[Round "8"]
[White "Sullivan, Neil"]
[Black "Moss, Laurent"]
[Result "1-0"]
[WhiteElo "2136"]
[BlackElo "2035"]
[PlyCount "75"]
[GameId "2160767911653251"]
[EventDate "2000.07.22"]
[EventType "swiss"]
[EventRounds "9"]
[EventCountry "CAN"]

1. e4 c5 2. Nf3 d6 3. g3 Nc6 4. Bg2 g6 5. O-O Bg7 6. d3 Bg4 7. Nbd2 Nf6 8. Re1 Qd7 9. Nf1 Nd4 10. c3 Ne6 11. Be3 O-O 12. Qd2 Bxf3 13. Bxf3 Rab8 14. Rad1 Rfc8 15. Bh6 b5 16. d4 cxd4 17. cxd4 Rc4 18. Bxg7 Nxd4 19. Bg2 Kxg7 20. b3 Nc2 21. bxc4 Nxe1 22. Qxe1 bxc4 23. e5 Ne8 24. Qc3 Qa4 25. Ne3 Kg8 26. Qxc4 Qa5 27. Nd5 Kf8 28. exd6 Nxd6 29. Qd4 f6 30. Nxe7 Ne8 31. Nc6 Qxa2 32. Nxb8 a5 33. Qc5+ Kg7 34. Qe7+ Kh6 35. Qxe8 a4 36. Qf8+ Kg5 37. h4+ Kf5 38. Qc5+ 1-0

[Event "Quebec op"]
[Site "Montreal CAN"]
[Date "2000.07.28"]
[Round "8"]
[White "Terminasov, Zaven"]
[Black "Gibson, Kris"]
[Result "0-1"]
[WhiteElo "1800"]
[BlackElo "1865"]
[PlyCount "43"]
[GameId "2160767911653252"]
[EventDate "2000.07.22"]
[EventType "swiss"]
[EventRounds "9"]
[EventCountry "CAN"]

1. e4 e5 2. Nf3 Nc6 3. d4 exd4 4. Nxd4 Bc5 5. Be3 Qf6 6. c3 Nge7 7. Bc4 Ne5 8. Bb3 Qg6 9. O-O d5 10. Kh1 Bh3 11. Rg1 Bxd4 12. cxd4 Ng4 13. gxh3 Nxe3 14. Qf3 Qxe4 15. Qxe4 dxe4 16. fxe3 Nf5 17. Nc3 Nd6 18. Rxg7 f5 19. Nd5 Kd8 20. Nxc7 Rb8 21. Rag1 Ne8 22. Ne6+ 0-1

[Event "Quebec op"]
[Site "Montreal CAN"]
[Date "2000.07.29"]
[Round "9"]
[White "Abreu Cordero, Jose"]
[Black "Gruzmann, Boris"]
[Result "1/2-1/2"]
[WhiteElo "2137"]
[BlackElo "2302"]
[PlyCount "188"]
[GameId "2160767911653254"]
[EventDate "2000.07.22"]
[EventType "swiss"]
[EventRounds "9"]
[EventCountry "CAN"]

1. c4 g6 2. d4 Nf6 3. Nc3 Bg7 4. e4 d6 5. f3 Nc6 6. Be3 a6 7. Qd2 Rb8 8. Bd3 e5 9. d5 Nd4 10. Nge2 c5 11. dxc6 bxc6 12. Nxd4 exd4 13. Bxd4 c5 14. Be3 O-O 15. O-O Be6 16. Be2 Qa5 17. Rac1 Nd7 18. b3 Rfe8 19. Rfd1 f5 20. Bd3 Ne5 21. Bb1 Nf7 22. Kh1 Qd8 23. Qf2 Bd7 24. Nd5 a5 25. exf5 gxf5 26. Bf4 a4 27. Bc2 axb3 28. axb3 Kh8 29. Re1 Bd4 30. Rxe8+ Qxe8 31. Qd2 Qf8 32. Re1 Qg7 33. h3 Ne5 34. Be3 Nc6 35. Bxd4 Qxd4 36. Qxd4+ Nxd4 37. Re7 Bc6 38. Nf6 Rb7 39. Rxb7 Bxb7 40. Bd1 Bc6 41. Nh5 Kg8 42. Kg1 Kf7 43. Kf2 Kg6 44. Nf4+ Kg5 45. g3 Kf6 46. Ke3 Ke5 47. Nd3+ Kf6 48. b4 Ne6 49. h4 cxb4 50. Nxb4 Bb7 51. f4 Nc5 52. Bc2 Ne6 53. Nd5+ Bxd5 54. cxd5 Ng7 55. Ba4 Nh5 56. Kf3 Ke7 57. Bc2 Ng7 58. g4 fxg4+ 59. Kxg4 h6 60. Bg6 Kf6 61. h5 Ke7 62. Kf3 Kf6 63. Ke4 Ke7 64. Kd4 Kf6 65. Kc4 Nf5 66. Kb5 Ne3 67. Kc6 Ke7 68. Be4 Ng4 69. Bf3 Nf6 70. Kb5 Ng8 71. Kc4 Nf6 72. Kd4 Nd7 73. Kc4 Nf6 74. Bd1 Kf8 75. Be2 Ke7 76. Kd4 Ke8 77. Bd1 Ke7 78. Bf3 Nd7 79. Bg2 Nf8 80. Bh3 Nh7 81. Bg4 Kf7 82. Ke3 Ke7 83. Kd4 Nf6 84. Be2 Kd7 85. Bf3 Ke7 86. Be2 Kd7 87. Kc4 Ke7 88. Bd1 Nh7 89. Bg4 Kf6 90. Be6 Nf8 91. Bg4 Nh7 92. Be6 Nf8 93. Bg4 Nh7 94. Kd4 Nf8 1/2-1/2

[Event "Quebec op"]
[Site "Montreal CAN"]
[Date "2000.07.29"]
[Round "9"]
[White "Belanger, Jacques"]
[Black "Mikanovic, Goran"]
[Result "1/2-1/2"]
[WhiteElo "2113"]
[BlackElo "2336"]
[PlyCount "98"]
[GameId "2160767911653255"]
[EventDate "2000.07.22"]
[EventType "swiss"]
[EventRounds "9"]
[EventCountry "CAN"]

1. e4 c5 2. Nf3 e6 3. d4 cxd4 4. Nxd4 Nc6 5. Nb5 d6 6. c4 Nf6 7. N1c3 a6 8. Na3 Be7 9. Be3 O-O 10. Be2 b6 11. O-O Bb7 12. f3 Nd7 13. Qd2 Qc7 14. Rac1 Nce5 15. f4 Ng6 16. g3 Rac8 17. Nc2 Nc5 18. Bf3 Bf6 19. Nd4 e5 20. Nf5 exf4 21. gxf4 Bxc3 22. Qxc3 f6 23. Qd4 Rcd8 24. b4 Ne6 25. Qxb6 Qb8 26. c5 Ba8 27. c6 Nc7 28. Qxb8 Rxb8 29. a3 Ne8 30. Rfd1 Rc8 31. Nd4 Nc7 32. Bg4 Rce8 33. Bd7 Rxe4 34. Nf5 Nxf4 35. Bxf4 Rxf4 36. Ne7+ Kf7 37. Nd5 Nxd5 38. Rxd5 Ke7 39. Re1+ Kd8 40. Rxd6 Kc7 41. Rde6 Rc4 42. Re7 Kb6 43. Rxg7 Bxc6 44. Re6 Rd8 45. Rxf6 Rc1+ 46. Kf2 Rc2+ 47. Ke3 Rc3+ 48. Ke2 Rc2+ 49. Ke3 Rc3+ 1/2-1/2

[Event "Quebec op"]
[Site "Montreal CAN"]
[Date "2000.07.29"]
[Round "9"]
[White "Caceres Cortes, Julio"]
[Black "Desjardins, Andre"]
[Result "1/2-1/2"]
[WhiteElo "1970"]
[BlackElo "2194"]
[PlyCount "44"]
[GameId "2160767911653257"]
[EventDate "2000.07.22"]
[EventType "swiss"]
[EventRounds "9"]
[EventCountry "CAN"]

1. e4 c5 2. Nf3 Nc6 3. d4 cxd4 4. Nxd4 Nf6 5. Nc3 e5 6. Ndb5 d6 7. Bg5 a6 8. Na3 b5 9. Nd5 Be7 10. Bxf6 Bxf6 11. c3 Ne7 12. Nxf6+ gxf6 13. Nc2 Bb7 14. Bd3 d5 15. exd5 Qxd5 16. Ne3 Qe6 17. Qe2 f5 18. f3 e4 19. fxe4 fxe4 20. Bc2 f5 21. O-O Qb6 22. Qh5+ Ng6 1/2-1/2

[Event "Quebec op"]
[Site "Montreal CAN"]
[Date "2000.07.29"]
[Round "9"]
[White "Dumouchel, Alain"]
[Black "Lasitsin, Ilja"]
[Result "1/2-1/2"]
[WhiteElo "2021"]
[BlackElo "1952"]
[PlyCount "92"]
[GameId "2160767911653258"]
[EventDate "2000.07.22"]
[EventType "swiss"]
[EventRounds "9"]
[EventCountry "CAN"]

1. d4 Nf6 2. Bg5 c5 3. d5 d6 4. Nf3 g6 5. Bxf6 exf6 6. e3 Bg7 7. c3 a6 8. a4 Nd7 9. Nfd2 O-O 10. Nc4 Ne5 11. Nbd2 b6 12. a5 b5 13. Nb6 Ra7 14. Be2 Re7 15. O-O Qc7 16. b4 c4 17. Nf3 Nxf3+ 18. Bxf3 Bf5 19. Be2 Rfe8 20. Re1 Qd8 21. Qd2 Bc8 22. Nxc8 Qxc8 23. Bd1 f5 24. Bc2 Re5 25. f4 R5e7 26. g3 Qd8 27. Rac1 Rb7 28. e4 fxe4 29. Rxe4 Rbe7 30. Rxe7 Qxe7 31. Kf2 Qf6 32. Bd1 h5 33. h4 Qf5 34. Bc2 Qh3 35. Rg1 Kf8 36. f5 gxf5 37. Qf4 Qh2+ 38. Rg2 Re2+ 39. Kxe2 Qxg2+ 40. Kd1 Qxd5+ 41. Kc1 Qe5 42. Qxe5 Bxe5 43. Kd2 Ke7 44. Bxf5 Kd8 45. g4 hxg4 46. Bxg4 Ke7 1/2-1/2